Spill-overs and Sustainable Development in Southern African Development Community (SADC): The Case Study
Cieľom kapitoly bolo zaoberať sa problematikou medzinárodných presahov z hľadiska trvalo udržateľného rozvoja s územnou pôsobnosťou zastúpenou krajinami SADC a časovou relevantnosťou pre obdobie pred COVID-19, ako cez aj COVID-19.
Na minha lista:
| Autor principal: | |
|---|---|
| Outros Autores: | |
| Formato: | Capítulo de Livro |
| Idioma: | inglês |
| Assuntos: | |
| Tags: |
Sem tags, seja o primeiro a adicionar uma tag!
|
MARC
| LEADER | 00000naa$a2200000$$$4500 | ||
|---|---|---|---|
| 001 | 0304366 | ||
| 005 | 20240930120347.8 | ||
| 041 | 0 | |a eng | |
| 044 | |a IN | ||
| 245 | 1 | 0 | |a Spill-overs and Sustainable Development in Southern African Development Community (SADC): The Case Study |c Jozef Čerňák, Denisa Čiderová |
| 520 | |a Cieľom kapitoly bolo zaoberať sa problematikou medzinárodných presahov z hľadiska trvalo udržateľného rozvoja s územnou pôsobnosťou zastúpenou krajinami SADC a časovou relevantnosťou pre obdobie pred COVID-19, ako cez aj COVID-19. | ||
| 610 | 2 | 0 | |a rozvoj trvalo udržateľný |
| 610 | 2 | 0 | |a rozvoj hospodársky |
| 610 | 2 | 0 | |a rozvoj regionálny |
| 610 | 2 | 0 | |a priestor |
| 610 | 2 | 0 | |a koronavírus |
| 610 | 2 | 0 | |a štúdie prípadové |
| 610 | 2 | 0 | |a Afrika |
| 100 | 1 | |a Čerňák, Jozef, 1963- | |
| 700 | 1 | |a Čiderová, Denisa, 1977- | |